International migration <a> very short introduction

Uložené v:
Podrobná bibliografia
Hlavný autor: Koser, Khalid
Médium: Kniha
Jazyk:English
Vydavateľské údaje: New York Oxford University Press 2007
Edícia:Very short introductions
Predmet:
Tagy: Pridať tag
Žiadne tagy, Buďte prvý, kto otaguje tento záznam!

MARC

LEADER 00000nam$a2200000$$$4500
001 0113513
005 20240313133023.2
020 |a 978-0-19-929801-3 
041 0 |a eng 
044 |a US 
245 1 0 |a International migration  |b <a> very short introduction  |c Khalid Koser 
264 1 |a New York  |b Oxford University Press  |c 2007 
300 |a 140 s. 
490 1 |a Very short introductions 
830 0 |a Very short introductions 
610 2 0 |a migrácia 
610 2 0 |a legalizácia 
610 2 0 |a globalizácia 
610 2 0 |a práva ľudské 
610 2 0 |a chudoba 
610 2 0 |a problémy spoločenské 
100 1 |a Koser, Khalid